000 00710nam a2200289Ia 4500
005 20260324135147.0
008 008 260324s9999 xx 000 0 eng d
020 _a9781315052335
037 _aEBOOK
040 _aCRL
040 _beng
040 _cCRL
041 _2eng
041 _aeng
084 _qCRL
100 _aJosephine Wright; Eileen J. Southern
_91199562
245 0 _aImages
245 0 _bIconography of Music in African-American Culture (1770s-1920s)
260 _bTaylor and Francis
260 _c2000
365 _a
365 _b230
856 _uhttp://www.taylorfrancis.com/books/9781315052335
942 _cEBOOK
999 _c1800354
_d1800354